Electromagnetic waves and radiating systems (Record no. 174508)

000 -LEADER
fixed length control field 00801nam a2200241 4500
003 - CONTROL NUMBER IDENTIFIER
control field Nust
005 - DATE AND TIME OF LATEST TRANSACTION
control field 20180118110450.0
008 - FIXED-LENGTH DATA ELEMENTS--GENERAL INFORMATION
fixed length control field 170130b xxu||||| |||| 00| 0 eng d
020 ## - INTERNATIONAL STANDARD BOOK NUMBER
International Standard Book Number 978-81-203-0054-5
040 ## - CATALOGING SOURCE
Transcribing agency Nust
082 ## - DEWEY DECIMAL CLASSIFICATION NUMBER
Classification number 621.3 JOR
100 ## - MAIN ENTRY--PERSONAL NAME
Personal name Jordan, Edward C.
245 ## - TITLE STATEMENT
Title Electromagnetic waves and radiating systems
250 ## - EDITION STATEMENT
Edition statement 2nd ed.
260 ## - PUBLICATION, DISTRIBUTION, ETC.
Place of publication, distribution, etc. New Delhi, India
Name of publisher, distributor, etc. PHI Learning
Date of publication, distribution, etc. 2013
300 ## - PHYSICAL DESCRIPTION
Extent xiii, 753 p.
Other physical details ill. ;
490 ## - SERIES STATEMENT
Series statement Prentice-Hall electrical engineering series
500 ## - GENERAL NOTE
General note Includes bibliographies.
650 ## - SUBJECT ADDED ENTRY--TOPICAL TERM
Topical term or geographic name entry element Electrical engineering.
700 ## - ADDED ENTRY--PERSONAL NAME
Personal name Balmain, Keith George
942 ## - ADDED ENTRY ELEMENTS (KOHA)
Koha item type Book
Source of classification or shelving scheme
Holdings
Withdrawn status Lost status Source of classification or shelving scheme Damaged status Not for loan Collection code Permanent Location Current Location Shelving location Date acquired Total Checkouts Full call number Barcode Date last seen Copy number Price effective from Koha item type
            School of Natural Sciences (SNS) School of Natural Sciences (SNS) Book Cart 01/30/2017   621.3 JOR SNS0002282 12/18/2017 1 01/30/2017 Book
© 2023 Central Library, National University of Sciences and Technology. All Rights Reserved.